00721nam a2200205Ia 4500008004100000020001800041050002500059100002100084245006700105260002100172300001800193440002200211500006300233650002900296650002200325650002500347942001200372952011400384999001700498120626s9999 xx 000 0 und d a84-7432-840-304aHF5718.22 B7318 20001 aBRADBURY, Andrew10aTecnicas para presentaciones eficacescautor, Andrew Bradbury. aEspañabGedisa a168 páginas aThe sunday times. aContiene: Índice de contenido Bibliografia recomendada.17aPRESENTACION DE NEGOCIOS17aCOMUNICACION ORAL17aCOMUNICACION VISUAL. 2ddccLB 00104070a07b07d2011-10-12l1oHF5718.22 B7318 2000p07 002280r2014-06-25s2014-06-25t1w2012-06-26yLB c67232d67232